Statistiken für Hauptstädte mit A

Klicken Sie hier um das Quiz zu spielen!

Allgemein

  • Dieses Quiz wurde 98 mal gespielt
  • Das Durchschnittsergebnis liegt bei 9 aus 15

Antwortstatistiken

Hauptstadt% Korrekt
Asunción
76%
Ankara
75%
Athen
75%
Amsterdam
69%
Addis Abeba
67%
Algier
67%
Abuja
61%
Andorra la Vella
60%
Accra
57%
Antananarivo
56%
Amman
53%
Asmara
49%
Abu Dhabi
44%
Aşgabat
44%
Apia
43%

Verteilung der Resultate

Perzentil nach korrekt beantworteten Fragen

Anzahl Personen mit jedem Resultat

Ihre Resultats-Entwicklung

Sie haben dieses Quiz noch nicht gespielt